00491nam a2200133Ia 4500008004100000041000800041082002400049100002200073245004100095260003600136300000900172999001900181952015700200230411s9999 xx 000 0 und d aeng aX/616.08/KEL/B07618 aKelar Jef9179667 aManovruttiwarach Awalambun Sarvakahi bPentagon PressaNew Delhic2012 a170p c157720d157720 001040708XaBTINbBTINd2013-10-18eDnyangangag175.00i48l0oX 616.08 KEL B07618pBTIN-BK-7618r2023-04-11 00:00:00v156.00w2013-10-18yBKzB07618